Statistics for Largest Towns of TEXAS in 1850

Click here to take the quiz!

General Stats

  • This quiz has been taken 104 times
  • The average score is 5 of 10

Answer Stats

PopulationTown% Correct
2,396Houston
97%
629Austin
92%
3,488San Antonio
92%
4,177Galveston
66%
533Corpus Christi
59%
802Victoria
21%
1,723New Braunfels
16%
1,072Gonzales
13%
754Fredericksburg
7%
1,180Marshall
1%

Score Distribution

Percentile by Number Answered

Percent of People with Each Score

Your Score History

You have not taken this quiz